000 00483nam a22001817a 4500
003 CEME
005 20210628203224.0
008 210127b xxu||||| |||| 00| 0 eng d
020 _a981-02-3644-1
040 _c.
082 _a621.3192 REC
100 _aMastorakis, Nikos E
_964096
245 _aRecent advances in circuits and systems
260 _aLONDON
_bWORLD SCIENTIFIC
_c1998
300 _aXV,417P
650 _aADVANCES IN CIRCUITS AND SYSTEMS
_964097
942 _cBK
_2ddc
999 _c572719
_d572719